Annual report and accounts 2019 (Record no. 511971)

000 -LEADER
fixed length control field 00251nam a2200097 4500
082 ## - DEWEY DECIMAL CLASSIFICATION NUMBER
Classification number A45:Z4/2019
100 ## - MAIN ENTRY--PERSONAL NAME
Personal name India.National Cereals Products Limited
9 (RLIN) 12532
245 ## - TITLE STATEMENT
Title Annual report and accounts 2019
260 ## - PUBLICATION, DISTRIBUTION, ETC. (IMPRINT)
Place of publication, distribution, etc Solan
Name of publisher, distributor, etc The author
300 ## - PHYSICAL DESCRIPTION
Extent 82p
Holdings
Withdrawn status Lost status Source of classification or shelving scheme Damaged status Koha normalized classification for sorting Not for loan Permanent location Current location Date acquired Full call number Barcode Date last seen Price effective from Koha item type
        A_45Z4_2019_000000000000000   Indian Institute of Public Administration Indian Institute of Public Administration 2019-10-23 A45:Z4/2019 GG34718 2019-10-23 2019-10-23 GG

Powered by Koha